UK Towns Quiz - Greater London - Statistics

General Stats
  • This quiz has been taken 257 times
  • The average score is 19 of 33
Answer Stats
Clue Population Name the Borough % Correct
C 390,719 Croydon
79%
K 143,375 Kensington & Chelsea
75%
C 204,236 Ctiy of Westminster
74%
B 339,816 Brent
69%
I 216,589 Islington
68%
R 195,278 Richmond upon Thames
67%
C 8,583 City of London
66%
G 289,068 Greenwich
66%
B 329,991 Bromley
65%
C 210,136 Camden
65%
E 367,115 Ealing
64%
E 329,984 Enfield
62%
H 183,157 Hammersmith & Fulham
62%
K 168,063 Kingston upon Thames
62%
H 288,181 Hounslow
61%
B 218,869 Barking and Dagenham
60%
S 209,639 Sutton
57%
T 310,306 Tower Hamlets
57%
B 389,344 Barnet
56%
L 317,654 Lambeth
56%
L 300,553 Lewisham
55%
S 307,637 Southwark
55%
H 259,146 Hackney
54%
H 261,238 Harrow
53%
N 351,036 Newham
52%
R 310,260 Redbridge
52%
H 305,909 Hillingdon
51%
B 246,472 Bexley
48%
W 327,506 Wandsworth
46%
H 264,238 Haringey
44%
M 215,187 Merton
43%
H 262,052 Havering
42%
W 278,425 Waltham Forest
39%
No matching quizzes found
Score Distribution
Percent of People with Each Score
Percentile by Number Answered
Your Score History
You have not taken this quiz